The Wit and Humor of America, Volume II. (of X.) (Record no. 247720)
[ view plain ]
| 000 -LEADER | |
|---|---|
| fixed length control field | 02207cam a22002533a 4500 |
| 001 - CONTROL NUMBER | |
| control field | 18465 |
| 003 - CONTROL NUMBER IDENTIFIER | |
| control field | PGUSA |
| 005 - DATE AND TIME OF LATEST TRANSACTION | |
| control field | 20140828083407.0 |
| 008 - FIXED-LENGTH DATA ELEMENTS--GENERAL INFORMATION | |
| fixed length control field | 060528s2006||||xxu|||||s|||||000 | eng d |
| 040 ## - CATALOGING SOURCE | |
| Original cataloging agency | PGUSA |
| Language of cataloging | eng |
| 042 ## - AUTHENTICATION CODE | |
| Authentication code | dc |
| 050 #4 - LIBRARY OF CONGRESS CALL NUMBER | |
| Classification number | PN |
| 245 14 - TITLE STATEMENT | |
| Title | The Wit and Humor of America, Volume II. (of X.) |
| Medium | [electronic resource] |
| 260 ## - PUBLICATION, DISTRIBUTION, ETC. (IMPRINT) | |
| Name of publisher, distributor, etc | Project Gutenberg, |
| Date of publication, distribution, etc | 2006 |
| 505 0# - FORMATTED CONTENTS NOTE | |
| Formatted contents note | An Archæological Congress, by Burdette -- Aunt Dinah's Kitchen, by Stowe -- Ballad, by Leland -- Barney McGee, by Hovey -- The Beecher Beached, by Tabb -- A Boy's View of It, by Stanton -- Budd Wilkins at the Show, by Kiser -- The Colonel's Clothes, by Gilman -- Comin' Thu, by Culbertson -- The Dutchman Who Had the "Small Pox," by Leland -- An Evening Musicale, by Fisk -- Familiar Authors at Work, by Carruth -- Fascination, by Tabb -- The Golfer's Rubaiyat, by Boynton -- Go Lightly, Gal (The Cake Walk), by Culbertson -- Grandma Keeler Gets Grandpa Ready for Sunday-School, by Greene -- The Hoosier and the Salt Pile, by Marble -- How "Ruby" Played, by Bagby -- A Letter, by Nasby -- The Lost Word, by Paul -- Love Sonnets of a Hoodlum, by Irwin -- Mr. Dooley on Gold-Seeking, by Dunne -- Mr. Dooley on Reform Candidates, by Dunne -- Natural Perversities, by Riley -- A Nautical Ballad, by Carryl -- The Old Deacon's Version of the Story of the Rich Man and Lazarus, by Stanton -- Our Best Society, by Curtis -- Plagiarism, by Tabb -- The Recruit, by Chambers -- "Ringworm Frank", by Riley -- A Rival Entertainment, by Field -- Samuel Brown, by Cary -- Seffy and Sally, by Long -- She Talked, by Foss -- The Strike at Hinman's, by Burdette -- The Two Brothers, by Wells -- The Two Farmers, by Wells -- The Two New Houses, by Wells -- The Two Suitors, by Wells -- Vive La Bagatelle, by Burgess -- Walk, by Devere -- The Way it Wuz, by Riley -- Yawcob Strauss, by Adams -- Yes?, by O'Reilly. |
| 506 ## - RESTRICTIONS ON ACCESS NOTE | |
| Terms governing access | Public domain in the USA. |
| 516 ## - TYPE OF COMPUTER FILE OR DATA NOTE | |
| Type of computer file or data note | Electronic text |
| 653 ## - INDEX TERM--UNCONTROLLED | |
| Uncontrolled term | American wit and humor |
| 653 ## - INDEX TERM--UNCONTROLLED | |
| Uncontrolled term | American literature -- Humor |
| 700 1# - ADDED ENTRY--PERSONAL NAME | |
| Personal name | Wilder, Marshall Pinckney, |
| Dates associated with a name | 1859-1915 |
| 830 #0 - SERIES ADDED ENTRY--UNIFORM TITLE | |
| Uniform title | Project Gutenberg |
| Volume number/sequential designation | 18465 |
| 856 40 - ELECTRONIC LOCATION AND ACCESS | |
| Uniform Resource Identifier | <a href="http://www.gutenberg.org/ebooks/18465">http://www.gutenberg.org/ebooks/18465</a> |
| 942 ## - ADDED ENTRY ELEMENTS (KOHA) | |
| Koha item type | eBooks |
| Withdrawn status | Lost status | Damaged status | Home library | Current library | Date acquired | Total Checkouts | Date last seen | Price effective from | Koha item type |
|---|---|---|---|---|---|---|---|---|---|
| Project Gutenberg | Project Gutenberg | 08/28/2014 | 08/28/2014 | 08/28/2014 | eBooks |